Butterworths Forms and Precedents : (Record no. 1173)
[ view plain ]
| 000 -LEADER | |
|---|---|
| fixed length control field | 00515nam a22001697a 4500 |
| 005 - DATE AND TIME OF INPUT | |
| control field | 20231208105359.0 |
| 008 - DATA ELEMENTS--GENERAL INFORMATION | |
| fixed length control field | 231208b |||||||| |||| 00| 0 eng d |
| 020 ## - INTERNATIONAL STANDARD BOOK NUMBER | |
| International Standard Book Number | 0409016292 ; 040016284 |
| 041 ## - LANGUAGE CODE | |
| Language code of text | English |
| 082 ## - SHELF NUMBER | |
| DDC number | 349 BUT |
| 100 ## - MAIN AUTHOR | |
| Language of a work | English |
| 245 ## - TITLE STATEMENT | |
| Title | Butterworths Forms and Precedents : |
| Sub-title | Commercial Transactions 1 |
| 260 ## - PUBLICATION, DISTRIBUTION, ETC. | |
| Place of publication, distribution, etc. | Durban : |
| Name of publisher, distributor, etc. | LexisNexis (Pty) Ltd, |
| Date of publication, distribution, etc. | 1996 |
| 300 ## - PHYSICAL DESCRIPTION | |
| Other physical details | 324 pages ; |
| Dimensions | 26 cm. |
| 650 ## - SUBJECT` | |
| Broad subject | Legal practice |
| Own subject terms | Law |
| 942 ## - ADDED ENTRY ELEMENTS (KOHA) | |
| Item type | Books |
| 942 ## - ADDED ENTRY ELEMENTS (KOHA) | |
| -- | ALISON_BN_VRIES |
| Source of classification or shelving scheme | Volume number (bound volume or other part) | Not for loan | Collection code | Home library | Current library | Shelving location | Date acquired | Full call number | Barcode | Price effective from | Koha item type |
|---|---|---|---|---|---|---|---|---|---|---|---|
| Dewey Decimal Classification | Commercial Transactions 1 | TEXT BOOKS | LAW SOCIETY OF NAMIBIA LIBRARY - WINDHOEK | LAW SOCIETY OF NAMIBIA LIBRARY - WINDHOEK | Corporate, commercial and company law | 12/08/2023 | 349 BUT | LSN/1996/22 | 12/08/2023 | Books | |
| Dewey Decimal Classification | Commercial Transactions 3 | TEXT BOOKS | LAW SOCIETY OF NAMIBIA LIBRARY - WINDHOEK | LAW SOCIETY OF NAMIBIA LIBRARY - WINDHOEK | Corporate, commercial and company law | 12/08/2023 | 349 BUT | LSN/1997/34 | 12/08/2023 | Books | |
| Dewey Decimal Classification | Commercial Transactions 4 | TEXT BOOKS | LAW SOCIETY OF NAMIBIA LIBRARY - WINDHOEK | LAW SOCIETY OF NAMIBIA LIBRARY - WINDHOEK | Corporate, commercial and company law | 12/08/2023 | 349 BUT | LSN/1997/12 | 12/08/2023 | Books | |
| Dewey Decimal Classification | Commercial Transactions 5 | TEXT BOOKS | LAW SOCIETY OF NAMIBIA LIBRARY - WINDHOEK | LAW SOCIETY OF NAMIBIA LIBRARY - WINDHOEK | Corporate, commercial and company law | 12/08/2023 | 349 BUT | LSN/1998/15 | 12/08/2023 | Books | |
| Dewey Decimal Classification | Commercial Transactions 6 | TEXT BOOKS | LAW SOCIETY OF NAMIBIA LIBRARY - WINDHOEK | LAW SOCIETY OF NAMIBIA LIBRARY - WINDHOEK | Corporate, commercial and company law | 12/08/2023 | 349 BUT | LSN/1998/27 | 12/08/2023 | Books | |
| Dewey Decimal Classification | Commercial Transactions 2 | TEXT BOOKS | LAW SOCIETY OF NAMIBIA LIBRARY - WINDHOEK | LAW SOCIETY OF NAMIBIA LIBRARY - WINDHOEK | Corporate, commercial and company law | 06/10/2025 | 349 BUT | LSN/1997/1 | 06/10/2025 | Books |
